| 000 | 00679cab a2200181 4500 | ||
|---|---|---|---|
| 001 | ABS43049 | ||
| 008 | 090401t1990 xxu||||| |||| 00| 0 eng d | ||
| 035 | _a(Sirsi) u40178 | ||
| 041 | _aeng | ||
| 245 | _aRecovery in site | ||
| 260 | _c1990 | ||
| 350 | _a0 | ||
| 490 |
_aShop Property _vJuly 1990, 22-23 (2) |
||
| 520 | _aAccording to Investors Chronicle Hillier Parker Shop Rent Index for May 1990, shop rents rose by 9% with recent growth higher in the North than the South. Construction of new retail schemes have fallen with more interest in out-of-town developments than town centres . | ||
| 690 | _aPROPERTY-COMMERCIAL PROPERTY | ||
| 942 | _n0 | ||
| 948 | _c04/03/1997 | ||
| 999 |
_c25738 _d25738 |
||